Llámalo viaje (Record no. 179548)

MARC details
000 -LEADER
campo de control de longitud fija 00799nam a2200229 i 4500
001 - NÚMERO DE CONTROL
campo de control 179548
003 - IDENTIFICADOR DE NÚMERO DE CONTROL
campo de control ES-MaACL
005 - FECHA Y HORA DE LA ÚLTIMA TRANSACCIÓN
campo de control 20240624131804.0
008 - DATOS DE LONGITUD FIJA--INFORMACIÓN GENERAL
campo de control de longitud fija 111222s2009 sp |||| | spa d
020 ## - NÚMERO INTERNACIONAL ESTÁNDAR DEL LIBRO
Número Internacional Estándar del Libro 978-84-95543-68-4 (El Toro de Barro)
020 ## - NÚMERO INTERNACIONAL ESTÁNDAR DEL LIBRO
Número Internacional Estándar del Libro 978-84-92711-01-7 (Diputación de Cuenca)
080 ## - NÚMERO DE LA CLASIFICACIÓN DECIMAL UNIVERSAL
Número de la Clasificación Decimal Universal 821.134.2-14"19"
100 1# - ENTRADA PRINCIPAL--NOMBRE DE PERSONA
Nombre de persona García, José Ángel.
9 (RLIN) 147306
245 10 - MENCIÓN DEL TÍTULO
Título Llámalo viaje
Resto del título : (1977-2008) /
Mención de responsabilidad, etc. José Ángel García.
260 ## - PUBLICACIÓN, DISTRIBUCIÓN, ETC.
Lugar de publicación, distribución, etc. Cuenca :
Nombre del editor, distribuidor, etc. El Toro de Barro :
-- Diputación,
Fecha de publicación, distribución, etc. 2009.
300 ## - DESCRIPCIÓN FÍSICA
Extensión 94 p. :
Otras características físicas 1 retr. ;
Dimensiones 21 cm.
490 1# - MENCIÓN DE SERIE
Mención de serie La piedra que habla ;
Designación de volumen o secuencia 239
830 0# - PUNTO DE ACCESO ADICIONAL DE SERIE-TÍTULO UNIFORME
Título uniforme Colección "La piedra que habla" ;
Designación de volumen o secuencia 239
9 (RLIN) 226758
852 ## - LOCALIZACIÓN
Ubicación ES-MaACL
Número de control de estantería A-11749
itemnumber 186445
Sublocalización o colección R.146051
Ubicación en estantería Depósito 1
Signatura antigua Olim: N-4754
942 ## - ELEMENTOS DE ENTRADA SECUNDARIOS (KOHA)
Fuente del sistema de clasificación o colocación Clasificación decimal universal
Tipo de ítem Koha Libro impreso
Holdings
Estatus retirado Estado de pérdida Fuente del sistema de clasificación o colocación Estado de daño No para préstamo Biblioteca de origen Biblioteca actual Ubicación en estantería Fecha de adquisición Fuente de adquisición Total de préstamos Signatura topográfica completa Código de barras Visto por última vez Precio de reemplazo Tipo de ítem Koha
    Clasificación decimal universal     Biblioteca del Ateneo de Madrid Biblioteca del Ateneo de Madrid Depósito 1 22/12/2011 Donación   A-11749 1188622 23/02/2023 23/02/2023 Libro impreso